| 000 | 00469nam a2200169Ia 4500 | ||
|---|---|---|---|
| 008 | 230917s9999||||xx |||||||||||||| ||und|| | ||
| 020 | _cRS250 | ||
| 040 |
_e224549 _aMAIN |
||
| 041 | _aEnglish | ||
| 082 | _a791.430954 A 81 J | ||
| 100 | _aAgrawal, Prahlad | ||
| 245 | 0 | _aJug-jug jiyo Munna Bhai: Chhaviyon ka mayajall. | |
| 260 |
_aNew Delhi _bRajkamal Prakshan _c2011 |
||
| 300 | _a127 p. | ||
| 500 | _a1929 05/02/2015 RP7637 19/02/2015 Main Budget | ||
| 942 | _cBK | ||
| 999 |
_c14389 _d14389 |
||